000 00835nam a2200205Ia 4500
005 20240530104602.0
008 140319s1995 xx 000 0 ara d
040 _aGCL /
_cGCL
082 0 4 _a338.9 /
_bس ت
100 1 _aسعد حسين فتح الله
245 1 0 _aالتنمية المستقلة : المتطلبات والاستراتيجيات والنتائج :
_bدراسة مقارنة فى اقطار مختلفة /
_cسعد حسين فتح الله
260 _aبيروت :
_bمركز دراسات الوحدة العربية،
_c1995
300 _a297 ص؛
_c24 سم
490 _aسلسلة اطروحات الدكتوراة
_v( 27 )
650 0 4 _aالاقتصاد
650 0 4 _aالتنمية الاقتصادية
650 0 4 _aالانتاج
942 _2ddc
_cBK
999 _c48944
_d48944